[Event "Basel Hilton op 15th"]
[Site "Basel"]
[Date "2013.01.04"]
[Round "5"]
[White "Hendriks, Willy"]
[Black "Schenker, Roberto"]
[Result "1/2-1/2"]
[WhiteElo "2420"]
[BlackElo "2129"]
[PlyCount "76"]
[EventDate "2013.01.01"]
[EventType "swiss"]
[EventRounds "7"]
[EventCountry "SUI"]
[SourceTitle "CBM 152 Extra"]
[Source "ChessBase"]
[SourceDate "2013.02.25"]
[SourceVersion "1"]
[SourceVersionDate "2013.02.25"]
[SourceQuality "1"]

1. e4 c5 2. Nf3 d6 3. Bb5+ Bd7 4. Bxd7+ Qxd7 5. b4 cxb4 6. 0-0 Nf6 7. Re1 e6 8. a3 bxa3 9. d4 Be7 10. Bxa3 0-0 11. c4 Qc7 12. Nbd2 Rd8 13. Qe2 Bf8 14. Reb1 Nbd7 15. Rb3 b6 16. Bb2 e5 17. Nh4 g6 18. f4 exd4 19. Bxd4 Bg7 20. Nhf3 Re8 21. Rba3 Qb7 22. e5 dxe5 23. Nxe5 Nh5 24. Qf3 Qxf3 25. Nexf3 Nxf4 26. Bxg7 Kxg7 27. Rxa7 Rxa7 28. Rxa7 Ne5 29. Rb7 Nxf3+ 30. Nxf3 Re2 31. g3 Nh3+ 32. Kh1 Nf2+ 33. Kg1 Nh3+ 34. Kh1 Rf2 35. Ne5 Rf6 36. Nd7 Rc6 37. Ne5 Rf6 38. Nd7 Rc6 1/2-1/2

[Event "Basel Hilton op 15th"]
[Site "Basel"]
[Date "2013.01.04"]
[Round "6"]
[White "Schenker, Roberto"]
[Black "Grandadam, Nicolas"]
[Result "1/2-1/2"]
[WhiteElo "2129"]
[BlackElo "2322"]
[PlyCount "88"]
[EventDate "2013.01.01"]
[EventType "swiss"]
[EventRounds "7"]
[EventCountry "SUI"]
[SourceTitle "CBM 152 Extra"]
[Source "ChessBase"]
[SourceDate "2013.02.25"]
[SourceVersion "1"]
[SourceVersionDate "2013.02.25"]
[SourceQuality "1"]

1. c4 e6 2. g3 d5 3. Bg2 Nf6 4. Nf3 dxc4 5. Qa4+ Nbd7 6. Qxc4 c5 7. 0-0 b6 8. d3 Bb7 9. b3 Bd6 10. Bb2 Rc8 11. Nbd2 0-0 12. Rac1 Qe7 13. Qc2 Bb8 14. Qb1 e5 15. Qa1 Rfe8 16. Rfe1 h6 17. Nc4 Ba8 18. e3 b5 19. Na3 a6 20. Nc2 Nd5 21. e4 N5f6 22. Ne3 g6 23. Rc2 Bb7 24. Nh4 Kh7 25. Qc1 Qf8 26. Bh3 Rcd8 27. Rce2 Nh5 28. Ng4 Ndf6 29. Nxf6+ Nxf6 30. Qe3 Qd6 31. Bc1 Ng8 32. Rc2 Qxd3 33. Qxd3 Rxd3 34. Rxc5 Ba7 35. Rc7 Re7 36. Rxe7 Nxe7 37. Bf1 Rd8 38. Be3 Bxe3 39. Rxe3 Kg7 40. Rd3 Rxd3 41. Bxd3 Kf6 42. Ng2 Ke6 43. b4 f5 44. f3 fxe4 1/2-1/2

[Event "Basel Hilton op 12th"]
[Site "Basel"]
[Date "2010.01.03"]
[Round "4"]
[White "Arounopoulos, Stephan"]
[Black "Schenker, Roberto"]
[Result "1/2-1/2"]
[WhiteElo "2135"]
[BlackElo "2090"]
[PlyCount "92"]
[EventDate "2010.01.01"]
[EventType "swiss"]
[EventRounds "7"]
[EventCountry "SUI"]
[SourceTitle "CBM 134 Extra"]
[Source "ChessBase"]
[SourceDate "2010.03.03"]
[SourceVersion "1"]
[SourceVersionDate "2010.03.03"]
[SourceQuality "1"]

1. d4 f5 2. g3 Nf6 3. Bg2 g6 4. c4 Bg7 5. Nf3 0-0 6. Nc3 d6 7. 0-0 c6 8. Re1 Na6 9. a3 Ne4 10. Qc2 Nxc3 11. Qxc3 Nc7 12. Qd3 e5 13. dxe5 dxe5 14. Qxd8 Rxd8 15. Bg5 Re8 16. e4 fxe4 17. Nd2 h6 18. Be3 Bf5 19. Nxe4 Red8 20. Rad1 Ne6 21. Rxd8+ Rxd8 22. Bxa7 Rd3 23. Be3 Rb3 24. Re2 Nd4 25. Rd2 Bxe4 26. Bxe4 g5 27. Kf1 g4 28. Ke1 Kf8 29. c5 Ke7 30. Kd1 b6 31. cxb6 Rxb6 32. Bf5 c5 33. Bxg4 c4 34. Bxd4 exd4 35. Rc2 d3 36. Rxc4 Rxb2 37. Bf5 Rxf2 38. Bxd3 Rxh2 39. Rc7+ Kf6 40. Rc6+ Ke5 41. Be2 Kd4 42. Rd6+ Ke4 43. Kd2 Be5 44. Rd3 Rg2 45. Re3+ Kd4 46. Rd3+ Ke4 1/2-1/2

[Event "Basel Hilton op 12th"]
[Site "Basel"]
[Date "2010.01.02"]
[Round "3"]
[White "Schenker, Roberto"]
[Black "Habibi, Ali"]
[Result "1/2-1/2"]
[WhiteElo "2090"]
[BlackElo "2312"]
[PlyCount "86"]
[EventDate "2010.01.01"]
[EventType "swiss"]
[EventRounds "7"]
[EventCountry "SUI"]
[SourceTitle "CBM 134 Extra"]
[Source "ChessBase"]
[SourceDate "2010.03.03"]
[SourceVersion "1"]
[SourceVersionDate "2010.03.03"]
[SourceQuality "1"]

1. e4 c5 2. Nc3 g6 3. f4 Bg7 4. Nf3 Nc6 5. Bb5 Nd4 6. 0-0 e6 7. e5 a6 8. Bd3 d5 9. Nxd4 cxd4 10. Ne2 f6 11. exf6 Qxf6 12. c3 dxc3 13. dxc3 Ne7 14. Be3 0-0 15. Bd4 Qf7 16. Bxg7 Qxg7 17. Nd4 Nc6 18. Nxc6 bxc6 19. Qa4 Qa7+ 20. Kh1 c5 21. Rae1 Rb8 22. Qc2 c4 23. Be2 Qb6 24. Rb1 Bd7 25. b3 cxb3 26. axb3 Rbc8 27. Qd3 a5 28. c4 Bc6 29. Bg4 Rce8 30. Rbe1 Rf6 31. Re5 dxc4 32. bxc4 a4 33. Rfe1 Kf7 34. Qe2 Kg7 35. Bxe6 Qd4 36. Bd5 Qxf4 37. Rxe8 Bxe8 38. g3 Qf2 39. Qxe8 a3 40. Qe7+ Kh6 41. Qe2 a2 42. Qxf2 Rxf2 43. c5 Re2 1/2-1/2